000 00500nam a2200169 i 4500
001 85556
003 ES-MaACL
005 20230906175249.0
007 t|
008 041129s1970 sp ||||1| spa d
100 1 _aJuenger, Ernst.
_967194
245 1 0 _aJuegos africanos /
_cErnst Juenger ; [lo tradujo Luis Alberto Martín Baro].
260 _aMadrid :
_bGuadarrama,
_c[1970]
300 _a207 p. ;
_c18 cm.
700 1 _aMartín Baro, Luis Alberto.
_977410
852 _aES-MaACL
_jC-52229
_bR.75242
999 _c85556
_d85556